| 000 | 00654cam a22002297a 4500 | ||
|---|---|---|---|
| 003 | OSt | ||
| 005 | 20151215090211.0 | ||
| 008 | 980327s1998 sp 000 0 spa | ||
| 010 | _a 98131755 | ||
| 020 | _a84-08-02357-8 | ||
| 040 | _cBMC | ||
| 082 | _a863 | ||
| 100 | 1 |
_aGonzález Cuesta, Pablo _936664 |
|
| 245 | 1 | 4 |
_aLos hijos de León Armendiaguirre _cPablo González Cuesta |
| 250 | _a1ª ed | ||
| 260 |
_aBarcelona _bPlaneta _c1998 |
||
| 300 |
_a201 p. _c22 cm |
||
| 490 | 0 | _aAutores españoles e iberoamericanos | |
| 505 | _aEn la cub.: la herencia de un mundo fabuloso y brutal | ||
| 650 | 2 | 4 |
_929289 _aNovela española |
| 942 |
_2ddc _cBK |
||
| 999 |
_c22828 _d22828 |
||